World Cup Of Darts 2026 - Statistiken

Allgemein
  • Dieses Quiz wurde 135 mal gespielt
  • Das Durchschnittsergebnis liegt bei 35 aus 78
Antwortstatistiken
Land Spieler % Korrekt
England Luke Littler
98%
England Luke Humphries
93%
Deutschland Martin Schindler
93%
Niederlande Michael van Gerwen
90%
Belgien Dimitri Van den Bergh
85%
Schottland Gary Anderson
85%
Niederlande Gian van Veen
78%
Wales Jonny Clayton
78%
Nordirland Josh Rock
78%
Polen Krzysztof Ratajski
78%
Deutschland Ricardo Pietreczko
78%
Australien Damon Heta
75%
Österreich Mensur Suljović
75%
Belgien Mike De Decker
75%
Lettland Madars Razma
70%
Singapur Paul Lim
70%
Litauen Darius Labanauskas
68%
Portugal José de Sousa
68%
Österreich Rusty-Jake Rodriguez
65%
Spanien Cristo Reyes
63%
Nordirland Daryl Gurney
63%
Schweiz Stefan Bellmont
63%
Frankreich Thibault Tricole
63%
Schottland Cameron Menzies
60%
Irland William O’Connor
60%
Kroatien Boris Krčmar
58%
Norwegen Cor Dekker
58%
Schweden Jeffrey de Graaf
55%
Indien Nitin Kumar
53%
Polen Sebastian Białecki
53%
Tschechien Karel Sedláček
50%
Ungarn Patrik Kovács
50%
Wales Nick Kenny
48%
Tschechien Adam Gawlas
45%
Kanada Jim Long
45%
Hongkong Man Lok Leung
45%
Irland Mickey Mansell
45%
Schweden Oskar Lukasiak
45%
Philippinen Alexis Toylo
43%
Italien Michele Turetta
43%
Japan Motomu Sakai
43%
Neuseeland Ben Robb
40%
Südafrika Devon Petersen
40%
Hongkong Lok Yin Lee
40%
Kroatien Pero Ljubić
40%
China Zong Xiaochen
40%
Australien Adam Leek
38%
Spanien José Justicia
38%
Schweiz Marcel Walpen
38%
Philippinen Paolo Nebrida
38%
Neuseeland Jonny Tata
35%
Lettland Valters Melderis
35%
USA Adam Sevada
30%
Kanada David Cameron
28%
Finnland Jani Haavisto
25%
USA Stowe Buntz
25%
Japan Haruki Muramatsu
23%
Finnland Jonas Masalin
23%
Norwegen Kent Jøran Sivertsen
23%
Frankreich Nicolas Thuillier
20%
Uganda Patrick Ocheng
20%
Dänemark Andreas Toft Jørgensen
18%
Südafrika Graham Filby
18%
Litauen Mindaugas Baršauskas
18%
Singapur Phuay Wei Tan
18%
Indien Ankit Goenka
15%
Trinidad und Tobago James Walkin
13%
Dänemark Jonas Graversen
13%
Trinidad und Tobago Joshua Balfour
13%
Uganda Juma Said
13%
Portugal Luis Filipe Camacho
13%
Ungarn Pál Székely
13%
China Zhan Qingyu
13%
Mongolei Altantülkhüür Myagmarsüren
10%
Mongolei Ganzorig Lkhagvasüren
10%
Italien Riccardo Castelli
10%
Thailand Sarayut Ouamuapa
10%
Thailand Sorawis Rodman
10%
Keine übereinstimmenden Quizze gefunden
Verteilung der Resultate
Anzahl Personen mit jedem Resultat
Perzentil nach korrekt beantworteten Fragen
Ihre Resultats-Entwicklung
Sie haben dieses Quiz noch nicht gespielt